000 00375nam a2200121Ia 4500
008 210430s9999 xx 000 0 und d
082 _a620.1126 M5781 M
100 _aH.Kitagawa. T.Aihara Jr
_952826
245 _aMesoscopic Dynamics of Fracture Computational Materials Design
_cH.Kitagawa. T.Aihara Jr
260 _aUSA
_bSpringer
_c1998
300 _a253p
942 _cBK
_2ddc
999 _c562290
_d562290